000
00336nam a2200145Ia 4500
008
150201s2004 xx 000 0 und d
082
_a
617.6
_b
C2004V
100
_a
VINAY
245
_a
HAND BOOK OF COMPLETE DENTURE
250
_a
1ST
260
_b
AITBS
_a
DELHI
_c
2004
300
_a
1-171
650
_a
PROSTHODONTICS
942
_2
ddc
_c
BK
999
_c
2682
_d
2682